Maisie Peters - Elvis Song - Statistics

General Stats
  • This quiz has been taken 12 times
  • The average score is 286 of 361
Answer Stats
Answer % Correct
a
100%
always
100%
I
100%
in
100%
In
100%
mind)
100%
mind
100%
mind”
100%
(Mind
100%
mind,
100%
my
100%
on
100%
when
100%
(You
100%
you
100%
You
100%
“You
100%
you?
100%
arcade
86%
as
86%
cheap
86%
Drinking
86%
Elvis
86%
Late
86%
night
86%
old
86%
the
86%
thinking
86%
Thinking,
86%
to
86%
We
86%
we
86%
were
86%
wine
86%
all
71%
All
71%
are
71%
bench
71%
‘bout
71%
But
71%
Cold
71%
cold
71%
eyes
71%
for
71%
got
71%
head!”
71%
head
71%
hear
71%
I’m
71%
keep
71%
know
71%
Last
71%
Line
71%
love
71%
name
71%
never
71%
nights
71%
no
71%
No
71%
Northern
71%
off
71%
“Oh
71%
one’s
71%
platform
71%
plays
71%
shut
71%
Singing,
71%
stop
71%
train
71%
trying
71%
wanna
71%
was
71%
watching
71%
Your
71%
your
71%
and
57%
And
57%
another
57%
bed
57%
Breakfast
57%
bridge
57%
did
57%
do
57%
don’t
57%
drunk
57%
Each
57%
fly
57%
God,
57%
it
57%
kiss
57%
mine
57%
miss
57%
often
57%
out
57%
over
57%
right
57%
So
57%
sofa
57%
stayed
57%
still
57%
tell
57%
this
57%
time
57%
Too
57%
too
57%
You’re
57%
yours
57%
changed
43%
different,
43%
earphones
43%
Easier
43%
edge
43%
floods
43%
found
43%
gave
43%
heart
43%
instead
43%
I’ve
43%
left
43%
little
43%
mess
43%
midnight
43%
moved
43%
myself
43%
nothing’s
43%
scared
43%
share
43%
things
43%
throw
43%
tried,
43%
up
43%
we’d
43%
wish
43%
‘round
29%
drawer
0%
No matching quizzes found
Score Distribution
Percent of People with Each Score
Percentile by Number Answered
Your Score History
You have not taken this quiz